Normal view
MARC view
- Popol Vuh
Entry Título Uniforme
001 - NÚMERO DE CONTROL DEL REGISTRO
- Campo de control: 1484
003 - IDENTIFICADOR DEL NÚMERO DE CONTROL
- Campo de control: UPN
005 - FECHA Y HORA DE LA ÚLTIMA TRANSACCIÓN
- Campo de control: 20241015165503.0
008 - ELEMENTOS DE LONGITUD FIJA
- Campo de control de longitud fija : 241015n| acnnnaabn | ana |d
035 ## - NÚMERO DE CONTROL DEL SISTEMA
- Número de control de sistema local: UPN10000001484
040 ## - FUENTE DE LA CATALOGACIÓN
- Agencia que crea de manera original el registro: UPN
- Idioma de la catalogación: spa
- Agencia que realiza la transcripción: UPN
130 #0 - ENCABEZAMIENTO - TÍTULO UNIFORME
- Título uniforme: Popol Vuh
670 ## - FUENTE EN LA QUE SE LOCALIZARON DATOS
- Cita de la fuente: E
902 ## - CATALOGADOR
- Catalogador: CAA/190996
